[Event "Sueca op 3rd"]
[Site "Sueca"]
[Date "2017.07.27"]
[Round "4"]
[White "Aymerich Rosell, Pablo"]
[Black "Ribera Cebolla, Marc"]
[Result "1-0"]
[WhiteElo "2233"]
[BlackElo "2117"]
[PlyCount "45"]
[EventDate "2017.07.24"]
[EventType "swiss"]
[EventRounds "8"]
[EventCountry "ESP"]
[SourceTitle "CBM 179 Extra"]
[Source "ChessBase"]
[SourceDate "2017.08.23"]
[SourceVersion "1"]
[SourceVersionDate "2017.08.23"]
[SourceQuality "1"]

1. d4 b5 2. e4 Bb7 3. Bd3 e6 4. Nf3 a6 5. 0-0 c5 6. c3 Qc7 7. Re1 Nf6 8. Nbd2 d6 9. Nf1 Nbd7 10. Ng3 Be7 11. d5 c4 12. Bc2 0-0 13. dxe6 fxe6 14. Nd4 Nc5 15. b4 cxb3 16. axb3 Bc8 17. Nxb5 axb5 18. Rxa8 Na6 19. Be3 Qxc3 20. Ra7 Bd8 21. Rf1 Qc6 22. Qa1 Ng4 23. Qxg7# 1-0

[Event "Sueca op 2nd"]
[Site "Sueca"]
[Date "2016.07.31"]
[Round "8.8"]
[White "Baeza Garcia, Agustin"]
[Black "Ribera Cebolla, Marc"]
[Result "0-1"]
[WhiteElo "1929"]
[BlackElo "2232"]
[PlyCount "70"]
[EventDate "2016.07.25"]
[EventType "swiss"]
[EventRounds "8"]
[EventCountry "ESP"]
[SourceTitle "EXT 2024"]
[Source "ChessBase"]
[SourceDate "2023.10.10"]
[SourceVersion "1"]
[SourceVersionDate "2023.10.10"]
[SourceQuality "1"]

1. d4 Nf6 2. c4 g6 3. Nc3 d5 4. Bf4 c6 5. e3 Bg7 6. Nf3 0-0 7. h3 Be6 8. c5 Ne4 9. Qc2 f5 10. Be2 Nd7 11. 0-0 h6 12. Nd2 Bf7 13. f3 Nxc3 14. bxc3 e5 15. Bh2 b6 16. cxb6 axb6 17. Kh1 Qe7 18. Nb3 Rfe8 19. Rfe1 b5 20. Bg1 Ra3 21. Bf2 Rea8 22. f4 e4 23. Rg1 Nf8 24. g4 Qa7 25. Nc1 Kh7 26. Be1 Ne6 27. Bd2 Be8 28. Rb1 Bf8 29. Rb3 Qa4 30. Bd1 c5 31. Rxa3 Qxa3 32. Qb3 c4 33. Qb1 b4 34. cxb4 Nxd4 35. Kg2 Nb5 0-1

[Event "Sueca op 2nd"]
[Site "Sueca"]
[Date "2016.07.25"]
[Round "1.9"]
[White "Ribera Cebolla, Marc"]
[Black "Soler Nadal, Jose Antonio"]
[Result "1-0"]
[WhiteElo "2232"]
[BlackElo "1720"]
[PlyCount "57"]
[EventDate "2016.07.25"]
[EventType "swiss"]
[EventRounds "8"]
[EventCountry "ESP"]
[SourceTitle "EXT 2024"]
[Source "ChessBase"]
[SourceDate "2023.10.10"]
[SourceVersion "1"]
[SourceVersionDate "2023.10.10"]
[SourceQuality "1"]

1. e4 c6 2. d4 d5 3. Nc3 dxe4 4. Nxe4 Nf6 5. Nxf6+ exf6 6. c3 Bd6 7. Bd3 Qe7+ 8. Ne2 Bg4 9. 0-0 0-0 10. Qc2 Bxe2 11. Bxe2 Qc7 12. g3 Nd7 13. c4 Rfe8 14. c5 Bf8 15. Bf4 Qc8 16. Bc4 b5 17. cxb6 Nxb6 18. Bd3 g6 19. Rac1 Re6 20. Qd2 Nd5 21. Bh6 Bxh6 22. Qxh6 f5 23. Qg5 Rd6 24. Qd2 f4 25. Rfe1 Qg4 26. Re4 f5 27. Be2 Qh3 28. Rxf4 Rf8 29. Rh4 1-0

[Event "ESP-ch U18"]
[Site "Salobrena"]
[Date "2015.07.31"]
[Round "7"]
[White "Santos Ruiz, Miguel"]
[Black "Ribera Cebolla, Marc"]
[Result "1/2-1/2"]
[WhiteElo "2329"]
[BlackElo "2146"]
[PlyCount "75"]
[EventDate "2015.07.27"]
[EventType "swiss"]
[EventRounds "9"]
[EventCountry "ESP"]
[SourceTitle "EXT 2016"]
[Source "ChessBase"]
[SourceDate "2015.10.08"]
[SourceVersion "1"]
[SourceVersionDate "2015.10.08"]
[SourceQuality "1"]

1. e4 c5 2. Nf3 Nc6 3. Bb5 d6 4. Bxc6+ bxc6 5. 0-0 e5 6. c3 g5 7. d4 g4 8. Nfd2 cxd4 9. cxd4 exd4 10. Nc4 c5 11. Re1 Be6 12. Nba3 Be7 13. Bf4 Kf8 14. Rc1 Rb8 15. Qd2 Kg7 16. b3 h5 17. e5 d5 18. Nd6 Qb6 19. Qc2 c4 20. bxc4 Qc5 21. cxd5 Qxd5 22. Nac4 Nh6 23. Qd2 h4 24. Bg5 h3 25. f3 Ng8 26. Rb1 Rxb1 27. Rxb1 Rh5 28. Bxe7 Nxe7 29. Ne8+ Kg6 30. fxg4 Bxg4 31. Nf6 Qxc4 32. Nxg4 d3 33. Ne3 Qd4 34. Rb4 Qa1+ 35. Kf2 Qxe5 36. Qxd3+ Kg7 37. Rg4+ Ng6 38. Qd4 1/2-1/2

[Event "ESP-ch U18"]
[Site "Salobrena"]
[Date "2015.07.29"]
[Round "4"]
[White "Ribera Cebolla, Marc"]
[Black "Gonzalez Santamartina, Jorge"]
[Result "1-0"]
[WhiteElo "2146"]
[BlackElo "1991"]
[PlyCount "75"]
[EventDate "2015.07.27"]
[EventType "swiss"]
[EventRounds "9"]
[EventCountry "ESP"]
[SourceTitle "EXT 2016"]
[Source "ChessBase"]
[SourceDate "2015.10.08"]
[SourceVersion "1"]
[SourceVersionDate "2015.10.08"]
[SourceQuality "1"]

1. e4 e5 2. Nf3 Nc6 3. Bc4 Bc5 4. b4 Bxb4 5. c3 Ba5 6. Qb3 Qe7 7. 0-0 Bb6 8. d4 d6 9. a4 exd4 10. cxd4 Na5 11. Qd3 Nxc4 12. Qxc4 Be6 13. d5 Bg4 14. Nbd2 a5 15. Ba3 Bxf3 16. Nxf3 Nh6 17. Rab1 0-0 18. e5 Ra6 19. Rfe1 Qd7 20. e6 fxe6 21. dxe6 Qe7 22. Qe4 Ra7 23. Bc1 Nf5 24. Rb5 Nh4 25. Bg5 Nxf3+ 26. gxf3 Qe8 27. Kh1 Bc5 28. e7 Rf7 29. Rxc5 dxc5 30. Rd1 Rxe7 31. Bxe7 Ra8 32. Bxc5 Qf7 33. Qd5 Qxd5 34. Rxd5 Rc8 35. Bd4 Rf8 36. Kg2 h6 37. Rxa5 b6 38. Rd5 1-0

[Event "Valencia Provincial-ch"]
[Site "Valencia"]
[Date "2014.11.15"]
[Round "6"]
[White "Gonzalvez Perales, Jose Luis"]
[Black "Ribera Cebolla, Marc"]
[Result "1/2-1/2"]
[WhiteElo "2008"]
[BlackElo "2207"]
[PlyCount "52"]
[EventDate "2014.09.27"]
[EventType "swiss"]
[EventRounds "7"]
[EventCountry "ESP"]
[SourceTitle "EXT 2016"]
[Source "ChessBase"]
[SourceDate "2015.10.08"]
[SourceVersion "1"]
[SourceVersionDate "2015.10.08"]
[SourceQuality "1"]

1. e4 c5 2. c3 Qa5 3. Nf3 Nc6 4. Na3 Nf6 5. e5 Nd5 6. Bc4 Nc7 7. Qe2 e6 8. 0-0 a6 9. d4 b5 10. Bd3 c4 11. Be4 Bxa3 12. bxa3 Qxc3 13. Bb2 Qa5 14. Ng5 Bb7 15. d5 Nd8 16. dxe6 dxe6 17. Bxb7 Nxb7 18. Qf3 Nd8 19. Rad1 Nd5 20. Rxd5 exd5 21. Qxd5 Ra7 22. e6 fxe6 23. Nxe6 Nxe6 24. Qxe6+ Re7 25. Qc6+ Kf8 26. Qf3+ Ke8 1/2-1/2

[Event "Valencia Provincial-ch"]
[Site "Valencia"]
[Date "2014.10.18"]
[Round "3"]
[White "Ribera Cebolla, Marc"]
[Black "Cebolla Moll, Ricardo"]
[Result "1-0"]
[WhiteElo "2207"]
[BlackElo "2017"]
[PlyCount "73"]
[EventDate "2014.09.27"]
[EventType "swiss"]
[EventRounds "7"]
[EventCountry "ESP"]
[SourceTitle "EXT 2016"]
[Source "ChessBase"]
[SourceDate "2015.10.08"]
[SourceVersion "1"]
[SourceVersionDate "2015.10.08"]
[SourceQuality "1"]

1. e4 d5 2. exd5 Qxd5 3. Nc3 Qd6 4. d4 Nf6 5. Nf3 c6 6. Ne5 Nbd7 7. f4 Qc7 8. Bc4 e6 9. Qf3 Nb6 10. Bb3 Nbd5 11. Bd2 Bb4 12. 0-0-0 Nxc3 13. Bxc3 Bxc3 14. Qxc3 Nd7 15. Rhe1 Nxe5 16. Rxe5 0-0 17. g4 b5 18. Qf3 a5 19. c3 Bb7 20. Rc5 a4 21. Bc2 Rad8 22. Be4 f5 23. gxf5 exf5 24. Bxc6 Bxc6 25. Rxc6 Qb7 26. Rf1 b4 27. Rc4 Qe7 28. Rxb4 a3 29. b3 Rc8 30. Kb1 Rc7 31. Rb5 Rfc8 32. c4 Qf6 33. Rd1 Qh4 34. h3 Re7 35. Re5 Rce8 36. Kc2 Qf6 37. Rde1 1-0

[Event "Valencia Provincial-ch"]
[Site "Valencia"]
[Date "2014.10.04"]
[Round "2"]
[White "Salvador Lopez, Daniel"]
[Black "Ribera Cebolla, Marc"]
[Result "1-0"]
[WhiteElo "2117"]
[BlackElo "2207"]
[PlyCount "66"]
[EventDate "2014.09.27"]
[EventType "swiss"]
[EventRounds "7"]
[EventCountry "ESP"]
[SourceTitle "EXT 2016"]
[Source "ChessBase"]
[SourceDate "2015.10.08"]
[SourceVersion "1"]
[SourceVersionDate "2015.10.08"]
[SourceQuality "1"]

1. d4 Nf6 2. Nf3 g6 3. Bg5 Bg7 4. Nbd2 d5 5. c4 Ne4 6. Bf4 c5 7. Be5 f6 8. Bxb8 Rxb8 9. Qa4+ Bd7 10. Qxa7 0-0 11. dxc5 f5 12. Rb1 dxc4 13. Nxc4 Bb5 14. e3 Qd5 15. Rd1 Qxc5 16. Qxc5 Nxc5 17. Nce5 Bxf1 18. Kxf1 Ra8 19. a3 Na4 20. Rd2 Ra5 21. Nd7 Rc8 22. g3 Rc1+ 23. Kg2 Rxh1 24. b4 Rxh2+ 25. Kxh2 Ra8 26. Ng5 Ra6 27. Nc5 Nxc5 28. Rd8+ Bf8 29. bxc5 Rf6 30. Rb8 h6 31. Nf3 Kf7 32. Rxb7 Ke8 33. Ne5 Ra6 1-0

[Event "Mislata op-A 48th"]
[Site "Mislata"]
[Date "2014.08.16"]
[Round "8"]
[White "Ribera Cebolla, Marc"]
[Black "Montalban Galvez, Antonio"]
[Result "1-0"]
[WhiteElo "2059"]
[BlackElo "2203"]
[PlyCount "49"]
[EventDate "2014.08.11"]
[EventType "swiss"]
[EventRounds "9"]
[EventCountry "ESP"]
[SourceTitle "CBM 161 Extra"]
[Source "ChessBase"]
[SourceDate "2014.08.29"]
[SourceVersion "1"]
[SourceVersionDate "2014.08.29"]
[SourceQuality "1"]

1. e4 c5 2. Nf3 Nc6 3. d4 cxd4 4. Nxd4 e6 5. Nc3 Qc7 6. Be3 Nf6 7. f3 a6 8. Qd2 Ne5 9. Nb3 b5 10. 0-0-0 Bb4 11. Bd4 0-0 12. Qg5 Bd6 13. Kb1 h6 14. Qe3 Be7 15. f4 Nc4 16. Bxc4 bxc4 17. Bb6 Qb8 18. Na5 Ng4 19. Qd4 Qxf4 20. Nxc4 f6 21. Nd5 exd5 22. Qxd5+ Kh8 23. Qxa8 Nxh2 24. Qd5 Ng4 25. Nd6 1-0

[Event "Mislata op-A 48th"]
[Site "Mislata"]
[Date "2014.08.12"]
[Round "3"]
[White "Ribera Cebolla, Marc"]
[Black "Ramiro Ovejero, Juan Luis"]
[Result "1-0"]
[WhiteElo "2059"]
[BlackElo "2364"]
[PlyCount "93"]
[EventDate "2014.08.11"]
[EventType "swiss"]
[EventRounds "9"]
[EventCountry "ESP"]
[SourceTitle "CBM 161 Extra"]
[Source "ChessBase"]
[SourceDate "2014.08.29"]
[SourceVersion "1"]
[SourceVersionDate "2014.08.29"]
[SourceQuality "1"]

1. e4 c5 2. Nf3 e6 3. d4 cxd4 4. Nxd4 Nc6 5. Nc3 Qc7 6. Be3 a6 7. Qd2 Nf6 8. f3 Be7 9. g4 0-0 10. 0-0-0 b5 11. g5 Nh5 12. Nce2 Rd8 13. f4 Bb7 14. Bg2 g6 15. Bf3 e5 16. Nf5 gxf5 17. Bxh5 Nb4 18. Nc3 Qc4 19. Kb1 Bxe4 20. fxe5 Bxc2+ 21. Ka1 f4 22. Bxf4 Bf5 23. b3 Qc6 24. Rc1 Nd3 25. Rhf1 Nxc1 26. Bf3 Qc5 27. Rxc1 Rac8 28. Bb7 Rc7 29. Bxa6 Qa3 30. Nd5 Bb4 31. Qd1 Ra7 32. Qd4 Rxa6 33. Nxb4 Raa8 34. g6 hxg6 35. Bh6 Be6 36. Qh4 Qxb3 37. Qxd8+ Kh7 38. Qxa8 Qxb4 39. Be3 d5 40. exd6 Qxd6 41. Qe4 Qa3 42. Qh4+ Kg8 43. Qf2 b4 44. Rd1 f6 45. Bd4 Qa4 46. Qe2 Bxa2 47. Qxa2+ 1-0

[Event "San Sebastian op 37th"]
[Site "San Sebastian"]
[Date "2014.04.13"]
[Round "2"]
[White "Ribera Cebolla, Marc"]
[Black "Pap, Misa"]
[Result "0-1"]
[WhiteElo "2045"]
[BlackElo "2495"]
[PlyCount "73"]
[EventDate "2014.04.12"]
[EventType "swiss"]
[EventRounds "9"]
[EventCountry "ESP"]
[SourceTitle "CBM 159 Extra"]
[Source "ChessBase"]
[SourceDate "2014.04.24"]
[SourceVersion "1"]
[SourceVersionDate "2014.04.24"]
[SourceQuality "1"]

1. e4 c5 2. Nf3 g6 3. d4 Bg7 4. dxc5 Qa5+ 5. c3 Qxc5 6. Na3 d6 7. Nb5 a6 8. Be3 Qc6 9. Na7 Qc7 10. Nxc8 Qxc8 11. Qd2 Nd7 12. Nd4 Ngf6 13. f3 Qc7 14. c4 Rc8 15. Be2 h5 16. 0-0 h4 17. Rfc1 Nh5 18. Bf1 Be5 19. f4 Nxf4 20. Nb5 Qb8 21. Bxf4 axb5 22. cxb5 0-0 23. Kh1 Qa7 24. Bxe5 Nxe5 25. Be2 Rxc1+ 26. Rxc1 Qxa2 27. h3 Ra8 28. Kh2 Kg7 29. Rf1 Qb3 30. Qf4 Qxb2 31. Bc4 Rc8 32. Rf2 Qa1 33. Rf1 Qa4 34. Be2 Qa2 35. Bd1 Qc4 36. Rf2 Nd3 37. Kg1 0-1

[Event "Alzira Christmas op 3rd"]
[Site "Alzira"]
[Date "2013.12.30"]
[Round "7"]
[White "Colls Gelaberto, Emilio"]
[Black "Ribera Cebolla, Marc"]
[Result "1-0"]
[WhiteElo "2147"]
[BlackElo "2034"]
[PlyCount "78"]
[EventDate "2013.12.27"]
[EventType "swiss"]
[EventRounds "7"]
[EventCountry "ESP"]
[SourceTitle "CBM 158 Extra"]
[Source "ChessBase"]
[SourceDate "2014.02.28"]
[SourceVersion "1"]
[SourceVersionDate "2014.02.28"]
[SourceQuality "1"]

1. Nf3 Nf6 2. c4 g6 3. Nc3 Bg7 4. e4 d6 5. d4 0-0 6. h3 Nbd7 7. Be2 e5 8. d5 a5 9. Be3 Nh5 10. g3 Nhf6 11. g4 Qe7 12. Nd2 Nc5 13. Qc2 Ne8 14. 0-0-0 c6 15. Nf1 a4 16. Bxc5 dxc5 17. a3 Nd6 18. Ng3 Bd7 19. Kb1 Rfb8 20. h4 b5 21. dxc6 Bxc6 22. cxb5 Nxb5 23. Bxb5 Bxb5 24. Nxb5 Rxb5 25. Rd2 Rab8 26. Qc1 Qb7 27. Rhd1 Bf8 28. Ka1 c4 29. Ne2 Rb3 30. Rd8 Rxd8 31. Rxd8 Rd3 32. Rxd3 cxd3 33. Nc3 Qd7 34. Qd1 Qd4 35. Qd2 Bc5 36. h5 Kg7 37. h6+ Kf8 38. Kb1 Ke8 39. Qd1 Bxa3 1-0

[Event "Alzira Christmas op 3rd"]
[Site "Alzira"]
[Date "2013.12.29"]
[Round "5"]
[White "Carrasco Sagredo, Manuel"]
[Black "Ribera Cebolla, Marc"]
[Result "1/2-1/2"]
[WhiteElo "2148"]
[BlackElo "2034"]
[PlyCount "89"]
[EventDate "2013.12.27"]
[EventType "swiss"]
[EventRounds "7"]
[EventCountry "ESP"]
[SourceTitle "CBM 158 Extra"]
[Source "ChessBase"]
[SourceDate "2014.02.28"]
[SourceVersion "1"]
[SourceVersionDate "2014.02.28"]
[SourceQuality "1"]

1. e4 c5 2. Ne2 e6 3. d4 cxd4 4. Nxd4 a6 5. Bd3 Bc5 6. Nb3 Be7 7. 0-0 d6 8. c4 Nf6 9. Nc3 b6 10. Qe2 Nbd7 11. f4 Qc7 12. Bd2 Bb7 13. Nd4 g6 14. b4 e5 15. Nb3 exf4 16. Rac1 f3 17. gxf3 Ne5 18. Be3 Qd8 19. Nd4 Nc6 20. Nxc6 Bxc6 21. Bd4 0-0 22. Nd5 Nxd5 23. cxd5 Bb7 24. Qe3 b5 25. Bc2 Bf6 26. Bb3 Rc8 27. Rxc8 Bxd4 28. Qxd4 Qg5+ 29. Kf2 Bxc8 30. Ke2 Bh3 31. Rg1 Qf4 32. Rg3 Bd7 33. Kd3 f5 34. e5 Qxe5 35. f4 Qxd4+ 36. Kxd4 Re8 37. Re3 Rxe3 38. Kxe3 Kf7 39. Kf3 Kf6 40. h4 h6 41. Bd1 g5 42. Kg3 gxf4+ 43. Kxf4 Be8 44. Be2 Bf7 45. Bf3 1/2-1/2

[Event "Alzira Christmas op 3rd"]
[Site "Alzira"]
[Date "2013.12.28"]
[Round "4"]
[White "Ribera Cebolla, Marc"]
[Black "Gomez Sanjuan, Hector Fernando"]
[Result "1-0"]
[WhiteElo "2034"]
[BlackElo "1828"]
[PlyCount "53"]
[EventDate "2013.12.27"]
[EventType "swiss"]
[EventRounds "7"]
[EventCountry "ESP"]
[SourceTitle "CBM 158 Extra"]
[Source "ChessBase"]
[SourceDate "2014.02.28"]
[SourceVersion "1"]
[SourceVersionDate "2014.02.28"]
[SourceQuality "1"]

1. e4 c5 2. Nf3 Nc6 3. d4 cxd4 4. Nxd4 g6 5. c4 Bg7 6. Nc2 Nf6 7. Nc3 d6 8. Be2 0-0 9. 0-0 Nd7 10. Bd2 a5 11. Qc1 Re8 12. Bh6 Bh8 13. Kh1 Nc5 14. Qe3 Ne6 15. Rad1 a4 16. f4 Nc7 17. c5 Bg7 18. Bxg7 Kxg7 19. cxd6 exd6 20. Qd3 Ne6 21. Nb5 Nc5 22. Qc3+ Kg8 23. Nxd6 Nd7 24. Nxe8 Qxe8 25. Ne3 Qxe4 26. Ng4 h5 27. Nh6+ 1-0

[Event "Provincial-ch Valencia"]
[Site "Valencia"]
[Date "2013.11.23"]
[Round "7"]
[White "Pedros Viudes, Santiago"]
[Black "Ribera Cebolla, Marc"]
[Result "1/2-1/2"]
[WhiteElo "1933"]
[BlackElo "2043"]
[PlyCount "67"]
[EventDate "2013.10.05"]
[EventType "swiss"]
[EventRounds "7"]
[EventCountry "ESP"]
[SourceTitle "EXT 2024"]
[Source "ChessBase"]
[SourceDate "2023.10.10"]
[SourceVersion "1"]
[SourceVersionDate "2023.10.10"]
[SourceQuality "1"]

1. d4 Nf6 2. Nf3 g6 3. Bf4 Bg7 4. e3 d5 5. h3 0-0 6. c4 c5 7. Nc3 cxd4 8. exd4 Nc6 9. Ne5 Qb6 10. Nxc6 Qxc6 11. Qb3 dxc4 12. Qxc4 Qb6 13. Na4 Qe6+ 14. Be5 b6 15. Be2 Qxc4 16. Bxc4 Bb7 17. 0-0 Rac8 18. Rac1 Rfd8 19. Rfd1 Nd5 20. Bxg7 Kxg7 21. Bxd5 Bxd5 22. Nc3 Bb7 23. Rd2 Rd7 24. f4 Rcd8 25. Rcd1 e6 26. Kf2 h5 27. Ke3 f5 28. g3 Kf6 29. h4 a6 30. Na4 Rd6 31. Rc1 R8d7 32. b3 a5 33. Rcc2 Ba6 34. Nb2 1/2-1/2

[Event "Mislata op-A 47th"]
[Site "Mislata"]
[Date "2013.08.19"]
[Round "9"]
[White "Ribera Cebolla, Marc"]
[Black "Jimenez Martin, Gustavo"]
[Result "1/2-1/2"]
[WhiteElo "2029"]
[BlackElo "2136"]
[PlyCount "38"]
[EventDate "2013.08.12"]
[EventType "swiss"]
[EventRounds "9"]
[EventCountry "ESP"]
[SourceTitle "EXT 2024"]
[Source "ChessBase"]
[SourceDate "2023.10.10"]
[SourceVersion "1"]
[SourceVersionDate "2023.10.10"]
[SourceQuality "1"]

1. e4 c6 2. d4 d5 3. Nc3 dxe4 4. Nxe4 Nf6 5. Nxf6+ gxf6 6. c3 Bf5 7. Nf3 Qc7 8. g3 Nd7 9. Bg2 e6 10. 0-0 Bd6 11. Qe2 Bg4 12. h3 Bh5 13. c4 c5 14. b4 cxd4 15. c5 Be5 16. Qd2 d3 17. Rb1 Bg6 18. Nh4 Rd8 19. Nxg6 hxg6 1/2-1/2

[Event "Mislata op-A 47th"]
[Site "Mislata"]
[Date "2013.08.17"]
[Round "8"]
[White "Rebole Arbea, Jose Ignacio"]
[Black "Ribera Cebolla, Marc"]
[Result "1/2-1/2"]
[WhiteElo "2187"]
[BlackElo "2029"]
[PlyCount "46"]
[EventDate "2013.08.12"]
[EventType "swiss"]
[EventRounds "9"]
[EventCountry "ESP"]
[SourceTitle "EXT 2024"]
[Source "ChessBase"]
[SourceDate "2023.10.10"]
[SourceVersion "1"]
[SourceVersionDate "2023.10.10"]
[SourceQuality "1"]

1. Nf3 c5 2. c4 Nf6 3. Nc3 b6 4. e3 Bb7 5. d4 e6 6. Bd3 Be7 7. 0-0 0-0 8. Bc2 cxd4 9. exd4 d5 10. cxd5 Nxd5 11. Re1 Nf6 12. Bg5 Nc6 13. a3 h6 14. Bh4 Nh5 15. Qd3 g6 16. Bg3 Nxg3 17. fxg3 Bf6 18. Rad1 Ne7 19. Ne5 Bg7 20. Bb3 Nd5 21. Ne4 Qe7 22. Qf1 Rad8 23. Nf3 Nf6 1/2-1/2

[Event "Mislata op-A 47th"]
[Site "Mislata"]
[Date "2013.08.15"]
[Round "5"]
[White "Ribera Cebolla, Marc"]
[Black "Garcia de Lomas Guerrero, Carlos"]
[Result "1/2-1/2"]
[WhiteElo "2029"]
[BlackElo "2013"]
[PlyCount "108"]
[EventDate "2013.08.12"]
[EventType "swiss"]
[EventRounds "9"]
[EventCountry "ESP"]
[SourceTitle "EXT 2024"]
[Source "ChessBase"]
[SourceDate "2023.10.10"]
[SourceVersion "1"]
[SourceVersionDate "2023.10.10"]
[SourceQuality "1"]

1. e4 e6 2. d4 d5 3. Bd3 dxe4 4. Bxe4 Nf6 5. Bg5 c5 6. Ne2 Nc6 7. Be3 Qb6 8. Nbc3 cxd4 9. Nxd4 Nxd4 10. Qxd4 Qxd4 11. Bxd4 Be7 12. Nb5 Bb4+ 13. c3 Ba5 14. b4 Bd8 15. Nd6+ Kf8 16. Nxb7 Bxb7 17. Bxb7 Rb8 18. Bc6 Bb6 19. Rd1 Ke7 20. 0-0 Bxd4 21. Rxd4 Rhc8 22. b5 Nd5 23. a4 a6 24. c4 Nc3 25. Rd7+ Kf6 26. Ra1 Nxa4 27. Bb7 Rxc4 28. bxa6 Nc5 29. Rc7 Nxa6 30. Rxc4 Rxb7 31. g3 Nc7 32. Kg2 Nd5 33. h4 Rc7 34. Rca4 Rb7 35. g4 Rb4 36. Rxb4 Nxb4 37. Ra7 Nd5 38. Kg3 g6 39. Kf3 Kg7 40. Ke4 Kf6 41. Ra3 Ne7 42. Rh3 h6 43. h5 g5 44. Rf3+ Kg7 45. Ke5 Nd5 46. Ra3 Nf4 47. f3 Nd5 48. Ra7 Nf4 49. Rd7 Ne2 50. Ra7 Nf4 51. Kd6 Nd5 52. Ra5 Nf4 53. Rb5 Kg8 54. Kd7 Nd5 1/2-1/2

[Event "Benidorm op U2000 11th"]
[Site "Benidorm"]
[Date "2012.12.03"]
[Round "4"]
[White "Ribera Cebolla, Marc"]
[Black "Blanco Andonegi, Juan Antonio"]
[Result "1/2-1/2"]
[WhiteElo "1885"]
[BlackElo "1963"]
[PlyCount "135"]
[EventDate "2012.11.30"]
[EventType "swiss"]
[EventRounds "10"]
[EventCountry "ESP"]
[SourceTitle "EXT 2014"]
[Source "ChessBase"]
[SourceDate "2013.11.20"]
[SourceVersion "1"]
[SourceVersionDate "2013.11.20"]
[SourceQuality "1"]

1. e4 c5 2. Nf3 d6 3. d4 cxd4 4. Nxd4 Nf6 5. Nc3 Nc6 6. Bg5 e6 7. Qd2 Be7 8. 0-0-0 0-0 9. f3 Nxd4 10. Qxd4 Qa5 11. Be3 e5 12. Qd2 Be6 13. Kb1 Qc7 14. g4 a6 15. g5 Nd7 16. h4 b5 17. Nd5 Bxd5 18. exd5 f5 19. gxf6 Bxf6 20. Bd3 Nc5 21. h5 Nxd3 22. Qxd3 Rac8 23. Rh2 Qe7 24. Rg2 Rc4 25. Rdg1 e4 26. fxe4 Qe5 27. c3 Rxe4 28. Bc1 Re8 29. Rf1 Re1 30. Rf5 Qe7 31. Qf3 Kh8 32. Rg4 Qe3 33. Qxe3 R8xe3 34. Rg2 Rh3 35. Kc2 Re5 36. Rgf2 Rxh5 37. Rxh5 Rxh5 38. Re2 Be5 39. Bf4 Kg8 40. Be3 Rh2 41. Rxh2 Bxh2 42. b3 Kf7 43. Kd3 h6 44. Ke4 Be5 45. c4 bxc4 46. bxc4 Bg3 47. c5 dxc5 48. Bxc5 h5 49. Kf5 g6+ 50. Kg5 Bc7 51. Bb4 Bd8+ 52. Kf4 Bf6 53. Bd6 Ke8 54. Bc5 Kd7 55. a4 Be7 56. Bd4 h4 57. Bc3 Bc5 58. Kg4 Bf2 59. Bb4 g5 60. Bd2 Kd6 61. Bxg5 Kxd5 62. Kh3 Kc4 63. Bd2 Kb3 64. a5 Bc5 65. Kxh4 Bb4 66. Bf4 Bxa5 67. Bg3 Kc2 68. Kg4 1/2-1/2

[Event "Mislata op-A 20th"]
[Site "Mislata"]
[Date "2012.08.14"]
[Round "3"]
[White "Fenollar Jorda, Manuel"]
[Black "Ribera Cebolla, Marc"]
[Result "1-0"]
[WhiteElo "2326"]
[BlackElo "1865"]
[PlyCount "79"]
[EventDate "2012.08.13"]
[EventType "swiss"]
[EventRounds "9"]
[EventCountry "ESP"]
[SourceTitle "EXT 2013"]
[Source "ChessBase"]
[SourceDate "2012.11.22"]
[SourceVersion "1"]
[SourceVersionDate "2012.11.22"]
[SourceQuality "1"]

1. d4 Nf6 2. c4 c5 3. d5 b5 4. cxb5 a6 5. bxa6 g6 6. Nc3 Bxa6 7. g3 d6 8. Bg2 Bg7 9. Nf3 0-0 10. Rb1 Nbd7 11. 0-0 Nb6 12. b3 Ra7 13. Re1 Qa8 14. e4 Ne8 15. Bb2 Nc7 16. Qc2 Nb5 17. Nxb5 Bxb5 18. Bxg7 Kxg7 19. a4 Bd7 20. Nd2 Kg8 21. Rbd1 Rc8 22. Bf1 Rf8 23. Nc4 Nxc4 24. Bxc4 f6 25. f4 Qb7 26. e5 Bf5 27. Qe2 fxe5 28. fxe5 h5 29. Rf1 Qb4 30. Qe3 Kg7 31. Rf4 Qb8 32. Rdf1 Kh7 33. e6 Rf6 34. h3 Qf8 35. g4 hxg4 36. hxg4 Bc2 37. Rxf6 exf6 38. Qc3 Be4 39. Qe3 f5 40. Qxe4 1-0

[Event "ESP-ch U14"]
[Site "Salobrena"]
[Date "2012.07.13"]
[Round "7"]
[White "Soriano Gracia, Manuel"]
[Black "Ribera Cebolla, Marc"]
[Result "0-1"]
[WhiteElo "1638"]
[BlackElo "1883"]
[PlyCount "100"]
[EventDate "2012.07.09"]
[EventType "swiss"]
[EventRounds "9"]
[EventCountry "ESP"]
[SourceTitle "EXT 2014"]
[Source "ChessBase"]
[SourceDate "2013.11.20"]
[SourceVersion "1"]
[SourceVersionDate "2013.11.20"]
[SourceQuality "1"]

1. e4 c5 2. c3 d5 3. exd5 Qxd5 4. d4 Nf6 5. Nf3 e6 6. Be2 Nc6 7. 0-0 cxd4 8. cxd4 Be7 9. Nc3 Qd8 10. Bf4 a6 11. Rc1 0-0 12. a3 Qa5 13. Qa4 Qb6 14. Rc2 Bd7 15. Qc4 Rac8 16. Na4 Qa7 17. Qd3 Nxd4 18. Be3 Bb5 19. Qxd4 Qxd4 20. Nxd4 Rxc2 21. Bxb5 axb5 22. Nxc2 bxa4 23. Rd1 Rc8 24. Nd4 Nd5 25. Rc1 Rxc1+ 26. Bxc1 Bf6 27. Nb5 Kf8 28. Kf1 Ke7 29. Ke2 Kd7 30. Kd3 g6 31. Nc3 Nxc3 32. bxc3 Kc6 33. c4 b5 34. cxb5+ Kxb5 35. Bd2 Be7 36. Bc1 Bc5 37. f3 e5 38. Bb2 f6 39. g4 Bd6 40. h4 Kc5 41. f4 Kd5 42. fxe5 Bxe5 43. Bc1 f5 44. gxf5 gxf5 45. Bg5 h5 46. Ke3 Bd6 47. Bf6 Bxa3 48. Kf4 Ke6 49. Ba1 Bc1+ 50. Kg3 a3 0-1

[Event "ESP-ch U14"]
[Site "Salobrena"]
[Date "2012.07.11"]
[Round "5"]
[White "Marquez Marvizon, Alejandra"]
[Black "Ribera Cebolla, Marc"]
[Result "1/2-1/2"]
[WhiteElo "1622"]
[BlackElo "1883"]
[PlyCount "101"]
[EventDate "2012.07.09"]
[EventType "swiss"]
[EventRounds "9"]
[EventCountry "ESP"]
[SourceTitle "EXT 2014"]
[Source "ChessBase"]
[SourceDate "2013.11.20"]
[SourceVersion "1"]
[SourceVersionDate "2013.11.20"]
[SourceQuality "1"]

1. e4 c5 2. Nf3 e6 3. c3 d5 4. e5 Nc6 5. d4 Qb6 6. Be2 Nh6 7. Bxh6 gxh6 8. Qd2 Bd7 9. a3 c4 10. Qc2 0-0-0 11. Nbd2 Na5 12. Bd1 Be7 13. Qb1 Rdg8 14. 0-0 Rg7 15. b3 Rhg8 16. g3 cxb3 17. Bxb3 Bb5 18. Re1 Qa6 19. Re3 h5 20. h4 Kb8 21. a4 Be2 22. Bc2 Bxf3 23. Nxf3 h6 24. Bd3 Qc6 25. Bb5 Qc7 26. Kh1 Rg6 27. Bd3 f5 28. exf6 Rxf6 29. Qe1 Rgf8 30. Kg2 Nc6 31. Ra2 Bd6 32. Bb5 Ne7 33. Ne5 Bxe5 34. Rxe5 a6 35. Bf1 Ng6 36. Rxe6 Nxh4+ 37. gxh4 Qg7+ 38. Kh1 Qg4 39. Qe5+ Ka7 40. Rxf6 Qxh4+ 41. Qh2 Qxf6 42. Qxh5 Rg8 43. Bg2 Rg5 44. Qf3 Rf5 45. Qe2 Qg6 46. Rb2 Qg5 47. Qe3 Qg4 48. Qe7 Rh5+ 49. Kg1 Qd1+ 50. Bf1 Qg4+ 51. Bg2 1/2-1/2